| 000 | 00749nam a2200241Ia 4500 | ||
|---|---|---|---|
| 003 | OSt | ||
| 005 | 20220923220809.0 | ||
| 006 | a|||||r|||| 00| 0 | ||
| 007 | ta | ||
| 008 | 220922b |||||||| |||| 00| 0 hin d | ||
| 024 | _a190,549 | ||
| 037 | _cTextual | ||
| 040 |
_aARTS _cARTS _bhin |
||
| 041 |
_2hin _ahin |
||
| 082 | _aR6, 152J8(MC-RSN) | ||
| 100 | _aशर्मा, राजेन्द्र | ||
| 245 | 0 | _aज्ञान सतसाई | |
| 246 | _aJnyān satasāī | ||
| 260 |
_aदिल्ली _b आत्माराम एण्ड संस _c1958 |
||
| 300 |
_a[k]106पृ. _ccm. |
||
| 942 |
_hR6, 152J8(MC-RSN) _cTEXL _2CC |
||
| 999 |
_c343324 _d343324 |
||